Cargando...
Fern flora of South India
| Autor Principal: | |
|---|---|
| Outros autores: | |
| Formato: | Printed Book |
| Publicado: |
Delhi
Days Publishing House
1998
|
| Subjects: |
| LEADER | 00492cam a2200157ua 4500 | ||
|---|---|---|---|
| 020 | |a 81-7035-179-0 | ||
| 082 | |a 587.309 548 |b NAM/F | ||
| 100 | |a Nampy, Snathosh | ||
| 245 | 0 | 0 | |a Fern flora of South India |
| 260 | |a Delhi |b Days Publishing House |c 1998 | ||
| 300 | |a ix, 141p. | ||
| 650 | 0 | |a Plants- South India | |
| 700 | 0 | 2 | |a Madhusoodanan, P.V |
| 942 | |c REF | ||
| 999 | |c 881 |d 881 | ||
| 952 | |0 0 |1 0 |4 0 |6 587_309000000000000_548_NAMF |7 0 |9 924 |a KUCL |b KUCL |d 2014-05-23 |l 0 |o 587.309 548 NAM/F |p 03994 |r 2017-03-07 |y REF | ||